| 000 | 00463nam a2200181Ia 4500 | ||
|---|---|---|---|
| 001 | 24580 | ||
| 008 | 140411s9999 xx 000 0 und d | ||
| 020 | _a0-09-177019-x | ||
| 040 | _cPK-LaUMT | ||
| 082 |
_a 616.8527 _bMIL-D |
||
| 100 | _aAnthony Clare | ||
| 245 |
_aDepression and how to survive it _cAnthony Clare<>Spkie Milligan |
||
| 260 |
_aLondon,UK: _bEbury Press, _c1993 |
||
| 300 | _a213 p. | ||
| 546 | _aEN | ||
| 700 | _aSpkie Milligan | ||
| 942 | _cBK | ||
| 999 |
_c24772 _d24772 |
||